Naturwissenschaftliches Allgemeinwissen 2 - Statistiken

Allgemein
  • Dieses Quiz wurde 517 mal gespielt
  • Das Durchschnittsergebnis liegt bei 6 aus 10
Antwortstatistiken
Frage Antwort % Korrekt
In welcher Maßeinheit gibt man die Frequenz (eines periodischen Vorgangs bspw. einer Schwingung) an? Hertz
95%
Wie sieht der Verteilung der Geschlechtschromosomen beim Menschen aus? Frauen (XX), Männer (XY)
81%
Wenn ein Läufer mit einer Geschwindigkeit von 15 Kilometern pro Stunde (km/h) läuft, wie viele Meter pro Sekunde (m/s) läuft er dann ca.? 4,16
79%
Wie viele bekannte chemische Elemente gibt es? 118
76%
Was für einen Sauerstoffanteil hat ungefähr unsere Atemluft (reine, trockene Luft in bodennahen Schichten der Atmosphäre)? 21%
76%
Welcher Planet unseres Sonnensystems hat die geringste Masse? Merkur
61%
Wie tief liegt etwa der Erdmittelpunkt? 6370 km
57%
Betrachtet man die Erde als perfekte Runde Kugel, auf der nach wie vor die Windrichtungen gelten, auf welche(n) Punkt(e) trifft dann folgendes zu: Wenn man 1km südwärts, 1km westwärts und 1km nordwärts geht, landet man am Ausgangspunkt? (geografischer) Nordpol
57%
Wie hoch ist ungefähr die Schallgeschwindigkeit (bei 20°Celsius und trockener Luft) in Kilometer pro Stunde (km/h)? 1236
41%
Schätzfrage: Welches dieser Lebewesen hat relativ zu seinem Gewicht die höchste Beißkraft (Beißkraft wird in Newton pro Quadratcentimeter (N/cm^2) angegeben und relativ zum Gewicht bedeutet, dass diese Beißkraft dann noch durch das Gewicht geteilt werden muss, um auf den hier entscheidenden Wert zu kommen). Löwe
9%
Keine übereinstimmenden Quizze gefunden
Verteilung der Resultate
Anzahl Personen mit jedem Resultat
Perzentil nach korrekt beantworteten Fragen
Ihre Resultats-Entwicklung
Sie haben dieses Quiz noch nicht gespielt